Manipulus rubiacearum - I (Registro nro. 12191)

Detalles MARC
000 -CABECERA
Campo de control 005520000a22002050004500
090 ## - CLASIFICACIÓN LOCAL
Colección AR
Consecutivo 03136
041 0# - IDIOMA
Código de idioma para texto/pista de sonido o título separado
100 1# - ASIENTO PRINCIPAL--NOMBRE PERSONAL
Nombre personal Kirkbride, Joseph H.
245 10 - MENCION DE TITULO
Título Manipulus rubiacearum - I
650 14 - ASIENTO SECUNDARIO DE MATERIA - TERMINO TEMATICO
Término temático o nombre geográfico como elemento de entrada Botánica
650 14 - ASIENTO SECUNDARIO DE MATERIA - TERMINO TEMATICO
Término temático o nombre geográfico como elemento de entrada Vegetación
650 14 - ASIENTO SECUNDARIO DE MATERIA - TERMINO TEMATICO
Término temático o nombre geográfico como elemento de entrada Nuevas especies
650 14 - ASIENTO SECUNDARIO DE MATERIA - TERMINO TEMATICO
Término temático o nombre geográfico como elemento de entrada Taxonomía vegetal
650 14 - ASIENTO SECUNDARIO DE MATERIA - TERMINO TEMATICO
Término temático o nombre geográfico como elemento de entrada Morfología vegetal
651 #4 - ASIENTO SECUNDARIO DE MATERIA - NOMBRE GEOGRAFICO
-- Brasil
651 #4 - ASIENTO SECUNDARIO DE MATERIA - NOMBRE GEOGRAFICO
-- Colombia
653 ## - TERMINO DE INDIZACION - NO CONTROLADO
-- Rubiaceae
773 1# - Item fuente:
Título Acta Amazónica
Especificación de materiales 264
Descripción física 1
Paginas del Articulo 97-118
Lugar, editorial y fecha de publicación 1980
Información sobre la relación 10
942 ## - ELEMENTOS ADICIONALES (KOHA)
Tipo de ítem Artículo
Existencias
Withdrawn status Lost status Damaged status No para préstamo Colección Ubicación Permanente Ubicación actual Fecha de adquisición Fuente de Valor Datos de publicación Seriada Total Checkouts Número topográfico Inventario / Código de Barras Date last seen Ejemplar Price effective from Forma de adquisición Tipo de material
      No para Préstamo Hemeroteca Bogotá Bogotá 27/02/2015 Prieto, Adriana Fuera de circulación   AR 03136 013541 25/03/2015 2 25/03/2015   Artículo
      No para Préstamo Hemeroteca Bogotá Bogotá 27/02/2015 Prieto, Adriana Fuera de circulación   AR 03136 013947 25/03/2015 1 25/03/2015   Artículo